Supervising child protective services caseworkers / (Record no. 2560)

MARC details
000 -LEADER
fixed length control field 01309nam a22001817a 4500
050 ## - CALL NUMBER
Classification number HV41
Item number .Sa3
100 ## - AUTHOR
Personal name Marsha K Salus
245 ## - TITLE
Title Supervising child protective services caseworkers /
Statement of responsibility, etc Marsha K Salus; National Center on Child Abuse and Neglect (U.S.)
260 ## - PUBLICATION INFORMATION
Place of publication [Washington D.C.] : U.S.
Name of publisher Dept. of Health and Human Services, Administration for Children and Families, Administration on Children, Youth and Families, Children's Bureau, Office on Child Abuse and Neglect,
Year of publication 2004.
300 ## - DESCRIPTION
Number of Pages 103p.
Other physical details 1 CD-ROM :color ; 4 3/4 in.
Dimensions 28cm.
440 ## - SERIES
SERIES Child abuse and neglect user manual series.
500 ## - NOTES
General note Title from title screen.<br/>Shipping list no.: 2005-0007-E.<br/>
505 ## - FORMATTED CONTENTS NOTE
Table of Content Purpose and overview <br/>The nature of child protective services supervision<br/>Making the transition from caseworker to supervision<br/>Building the foundation for effective unit performance<br/>Building staff capacity and achieving quality performance<br/>supervisory feedback and performance recognition<br/>results- oriented management<br/>Clinical supervision<br/>Recruitment and retention<br/>Managing from the middle<br/>Taking care of oneself and the unit<br/>
650 ## - SUBJECTS
Topical Term Social work administration -- United States
650 ## - SUBJECTS
Topical Term Child abuse -- United States.
650 ## - SUBJECTS
Topical Term Child welfare workers -- United States.
942 ## - ADDED ENTRY ELEMENTS (KOHA)
Koha item type Books
Holdings
Withdrawn status Lost status Collection code Home library Current library Shelving location Date acquired Full call number Accession Number Copy number Koha item type
    Reference Methodist University Library Main Methodist University Library Main General Stacks 16/02/2018 HV41 .Sa3 4020 1 Books
Copyright © 2026  MUG Library